[Event "Online Olym KO Stage 2021"]
[Site "chess.com INT"]
[Date "2021.09.13"]
[Round "1.21"]
[Board "5"]
[White "Galperin, Platon"]
[Black "Nihal, Sarin"]
[Result "0-1"]
[WhiteTitle "IM"]
[BlackTitle "GM"]
[WhiteElo "2512"]
[BlackElo "2652"]
[WhiteTeam "Ukraine"]
[BlackTeam "India"]
[WhiteFideId "14165414"]
[BlackFideId "25092340"]
[EventDate "2021.09.13"]
[EventType "team"]

1. e4 c5 2. Nf3 Nc6 3. Bb5 e6 4. O-O Nge7 5. Re1 Nd4 6. Nxd4 cxd4 7. c3 a6 8.
Bc4 Nc6 9. d3 Bc5 10. Qh5 Ba7 11. Nd2 b5 12. Bb3 Qf6 13. e5 Qg6 14. Qf3 O-O 15.
h4 h5 16. Qf4 dxc3 17. bxc3 f6 18. Ne4 fxe5 19. Qg5 Qxg5 20. Bxg5 d5 21. Ng3
Bxf2+ 22. Kh2 Bxe1 23. Rxe1 a5 24. Nxh5 a4 25. Bd1 Rf2 26. a3 Ra2 27. Bc1 Bd7
28. Re2 Rxe2 29. Bxe2 d4 30. Bb2 dxc3 31. Bxc3 b4 32. axb4 Nd4 33. Bf3 Nxf3+ 34.
gxf3 a3 35. Bxe5 a2 36. Bxg7 Be8 0-1

[Event "Online Olym KO Stage 2021"]
[Site "chess.com INT"]
[Date "2021.09.13"]
[Round "1.21"]
[Board "6"]
[White "Vaishali, R"]
[Black "Berdnyk, Mariia"]
[Result "1/2-1/2"]
[WhiteTitle "WGM"]
[BlackTitle "FM"]
[WhiteElo "2414"]
[BlackElo "2308"]
[WhiteTeam "India"]
[BlackTeam "Ukraine"]
[WhiteFideId "5091756"]
[BlackFideId "14137054"]
[EventDate "2021.09.13"]
[EventType "team"]

1. e4 c5 2. Nf3 d6 3. d4 cxd4 4. Nxd4 Nf6 5. Nc3 a6 6. Bd3 e5 7. Nf5 Bxf5 8.
exf5 d5 9. Bg5 Bb4 10. O-O Bxc3 11. bxc3 O-O 12. Qb1 b6 13. Rd1 Nbd7 14. c4 Qc7
15. cxd5 Nxd5 16. Qb3 Nc3 17. Re1 b5 18. f6 g6 19. Re3 Rac8 20. Rae1 Rfe8 21.
Rh3 Re6 22. Qb4 e4 23. Bxe4 Qc5 24. Qxc5 Rxc5 25. Rd3 Nxf6 26. Bxf6 Rxf6 27. Bb7
Na4 28. Rd2 Rc7 29. Bd5 Nb6 30. Bb3 Nc4 31. Rd8+ Kg7 32. g3 a5 33. Rb8 a4 34.
Bxc4 Rxc4 35. Re2 Rf5 36. Kg2 Rfc5 37. Rb7 Rxc2 38. Rxc2 Rxc2 39. Rxb5 Rxa2 40.
Ra5 a3 41. Ra6 h5 42. h4 Kf8 43. Kf3 Ke7 44. Ke3 Kd7 45. Ra7+ Ke6 46. Ra6+ Kd5
47. Ra5+ Kc4 48. Ra7 Kb3 49. Rb7+ Kc2 50. Rxf7 Rb2 51. Ra7 a2 52. Kf4 Kb3 53. f3
Rb1 54. Kg5 a1=Q 55. Rxa1 Rxa1 56. g4 Kc4 57. Kxg6 hxg4 58. fxg4 Kd5 59. h5 Ke6
60. h6 Ra8 61. h7 Ke5 62. Kg7 Kf4 63. h8=Q Rxh8 64. Kxh8 Kxg4 1/2-1/2

[Event "Online Olym KO Stage 2021"]
[Site "chess.com INT"]
[Date "2021.09.13"]
[Round "1.22"]
[Board "1"]
[White "Anand, Viswanathan"]
[Black "Ivanchuk, Vasyl"]
[Result "1/2-1/2"]
[WhiteTitle "GM"]
[BlackTitle "GM"]
[WhiteElo "2753"]
[BlackElo "2678"]
[WhiteTeam "India"]
[BlackTeam "Ukraine"]
[WhiteFideId "5000017"]
[BlackFideId "14100010"]
[EventDate "2021.09.13"]
[EventType "team"]

1. e4 c5 2. Nf3 g6 3. c3 Nf6 4. e5 Nd5 5. d4 cxd4 6. cxd4 Bg7 7. Bc4 Nb6 8. Bb3
O-O 9. O-O d6 10. h3 Nc6 11. Qe2 Na5 12. Nc3 Nxb3 13. axb3 Be6 14. Ra3 Qd7 15.
Ng5 a6 16. Re1 Rae8 17. Nxe6 Qxe6 18. Qf3 Qd7 19. Bf4 Rc8 20. h4 h5 21. Ra5 dxe5
22. Bxe5 Bxe5 23. Raxe5 Rc7 24. d5 Nc8 25. Rg5 Kg7 26. Qxh5 Rh8 27. Qg4 Qxg4 28.
Rxg4 Nd6 29. g3 Rh5 30. Kf1 Kf8 31. Rd4 g5 32. hxg5 Rxg5 33. Rh4 Kg7 34. Re2 b5
35. Rd4 a5 36. Rd1 Kf8 37. Ne4 Rh5 38. Kg2 Re5 39. Rde1 Rxe4 40. Rxe4 Nxe4 41.
Rxe4 Rc2 42. Re1 Rxb2 43. Ra1 Rxb3 44. Rxa5 Kg7 45. f4 b4 46. Rb5 Rd3 47. Rxb4
Rxd5 48. g4 Ra5 49. Rb6 Rc5 50. Rb4 Ra5 51. Rb6 Rc5 52. Rb4 Ra5 1/2-1/2

[Event "Online Olym KO Stage 2021"]
[Site "chess.com INT"]
[Date "2021.09.13"]
[Round "1.22"]
[Board "2"]
[White "Shevchenko, Kirill"]
[Black "Vidit, Santosh Gujrathi"]
[Result "1-0"]
[WhiteTitle "GM"]
[BlackTitle "GM"]
[WhiteElo "2633"]
[BlackElo "2727"]
[WhiteTeam "Ukraine"]
[BlackTeam "India"]
[WhiteFideId "14129574"]
[BlackFideId "5029465"]
[EventDate "2021.09.13"]
[EventType "team"]

1. e4 e5 2. Nf3 Nc6 3. Bb5 a6 4. Ba4 Nf6 5. O-O Nxe4 6. d4 b5 7. Bb3 d5 8. dxe5
Be6 9. Be3 Be7 10. c3 O-O 11. Nbd2 Bg4 12. h3 Nxd2 13. hxg4 Nxf1 14. Kxf1 Na5
15. Bxd5 c6 16. Be4 Qxd1+ 17. Rxd1 Nc4 18. Bc1 Rad8 19. Re1 c5 20. g3 h6 21. Kg2
g5 22. b3 Nb6 23. Bb7 a5 24. Bc6 b4 25. cxb4 axb4 26. e6 Rd6 27. exf7+ Rxf7 28.
Be8 Rh7 29. Bb5 Kf8 30. a4 bxa3 31. Bxa3 Rf6 32. Bb2 Rd6 33. Be5 Re6 34. Bg7+
Kf7 35. Be8+ Kxe8 36. Rxe6 Nd5 37. Bxh6 Kd7 38. Rg6 Bf6 39. Bxg5 Bc3 40. Bd2 Bd4
41. Bf4 Kc8 42. Nxd4 cxd4 43. Rd6 Rd7 44. Rxd7 Kxd7 45. Kf3 Ke6 46. Ke4 Nf6+ 47.
Kxd4 Nxg4 48. f3 Nf6 49. b4 Nd5 50. b5 Ne7 51. Kc5 Kd7 52. b6 Kc8 53. g4 Kb7 54.
Kd6 Ng6 55. Bg3 Kxb6 56. f4 Kb7 57. f5 Nh8 58. Ke7 Kc6 59. Be5 1-0

[Event "Online Olym KO Stage 2021"]
[Site "chess.com INT"]
[Date "2021.09.13"]
[Round "1.22"]
[Board "3"]
[White "Koneru, Humpy"]
[Black "Osmak, Iulija"]
[Result "0-1"]
[WhiteTitle "GM"]
[BlackTitle "IM"]
[WhiteElo "2586"]
[BlackElo "2428"]
[WhiteTeam "India"]
[BlackTeam "Ukraine"]
[WhiteFideId "5008123"]
[BlackFideId "14101602"]
[EventDate "2021.09.13"]
[EventType "team"]

1. d4 Nf6 2. c4 e6 3. Nf3 b6 4. g3 Bb7 5. Bg2 Be7 6. O-O O-O 7. b3 d5 8. Nbd2 a5
9. a3 Nbd7 10. Bb2 c5 11. dxc5 bxc5 12. e3 Qb6 13. Bc3 Rfd8 14. Qc2 Qa6 15. cxd5
Nxd5 16. Bb2 a4 17. bxa4 Qxa4 18. Rfc1 N7b6 19. Rab1 Ba6 20. Qxa4 Nxa4 21. Ba1
Rab8 22. Rxb8 Rxb8 23. Ne5 Rc8 24. Bf1 Bxf1 25. Kxf1 f6 26. Nec4 e5 27. Ke2 Kf7
28. Kd3 Ke6 29. Rb1 Ra8 30. e4 Nc7 31. Kc2 Ra6 32. Ne3 Nb6 33. Ndc4 Nxc4 34.
Nxc4 Ra4 35. Kd3 Ne8 36. Rb6+ Nd6 37. Bb2 h5 38. h3 g6 39. Rc6 Ra7 40. Nxd6 Bxd6
41. Rb6 Ra4 42. f3 Kd7 43. Rb7+ Ke6 44. Rb6 Kd7 45. Rb7+ Bc7 46. Kc2 Kc6 47. Rb3
c4 48. Re3 Bb6 49. Re2 Bd4 50. g4 hxg4 51. fxg4 Kd6 52. Re1 Ke6 53. Rd1 Bxb2 54.
Kxb2 c3+ 55. Kb3 Rxe4 56. Rd3 f5 57. Rxc3 fxg4 58. hxg4 Rxg4 59. a4 Rg1 60. a5
Ra1 61. Kb4 e4 62. Rc5 Kf6 63. Rc3 g5 64. Kb5 Kf5 65. a6 Kf4 66. Rc4 g4 67. Ra4
Rxa4 68. Kxa4 g3 69. a7 g2 70. a8=Q g1=Q 71. Qf8+ Kg3 72. Qg7+ Kf2 73. Qd4+ e3
74. Qf4+ Ke1 75. Qb4+ Ke2 76. Qc4+ Kf3 77. Qd5+ Kf2 78. Qf5+ Kg2 79. Qg4+ Kf1
80. Qh3+ Ke1 81. Kb3 Qf2 82. Qh1+ Qf1 83. Qh4+ Qf2 84. Qh1+ Kd2 85. Qd5+ Ke2 86.
Kc3 Qf3 87. Qa2+ Kf1 88. Qb1+ Kf2 89. Kb2 e2 90. Qc2 Kf1 91. Qc4 Qf2 92. Kc2 Kg1
93. Qg4+ Qg2 94. Qd4+ Kf1 95. Qd3 Qc6+ 96. Kd2 Qh6+ 97. Kc2 Qf4 98. Qb5 Kf2 99.
Qc5+ Kf3 100. Qc3+ Kg2 101. Qc6+ Kg1 102. Qg6+ Kf2 103. Qb6+ Kf1 104. Qb5 Qe4+
105. Kc1 Kf2 106. Qb2 Qe3+ 107. Kb1 Kf1 108. Qf6+ Qf2 109. Qa6 Qf5+ 110. Kc1
Qf4+ 111. Kc2 Qe4+ 112. Kc1 Kg2 113. Qa2 Qe3+ 114. Kb1 Qd3+ 0-1

[Event "Online Olym KO Stage 2021"]
[Site "chess.com INT"]
[Date "2021.09.13"]
[Round "1.22"]
[Board "4"]
[White "Zhukova, Natalia"]
[Black "Harika, Dronavalli"]
[Result "0-1"]
[WhiteTitle "GM"]
[BlackTitle "GM"]
[WhiteElo "2331"]
[BlackElo "2511"]
[WhiteTeam "Ukraine"]
[BlackTeam "India"]
[WhiteFideId "14101513"]
[BlackFideId "5015197"]
[EventDate "2021.09.13"]
[EventType "team"]

1. c4 e6 2. Nc3 d5 3. d4 Be7 4. Nf3 Nf6 5. Bg5 h6 6. Bh4 Nbd7 7. e3 O-O 8. Rc1
c5 9. cxd5 Nxd5 10. Bxe7 Nxe7 11. dxc5 Nxc5 12. Qxd8 Rxd8 13. b4 Nd3+ 14. Bxd3
Rxd3 15. Ke2 Rd8 16. Rhd1 Bd7 17. Nd4 Be8 18. Nb3 Rxd1 19. Nxd1 Ba4 20. Rc7 Nd5
21. Rc1 Nxb4 22. Nc3 Bxb3 23. axb3 Rc8 24. e4 a6 25. Kd2 g5 26. Ra1 Rd8+ 27. Ke2
Rd3 28. Rc1 Kg7 29. f3 Kg6 30. Kf2 Rd2+ 31. Kf1 Nc2 32. Nd1 Rxd1+ 0-1

[Event "Online Olym KO Stage 2021"]
[Site "chess.com INT"]
[Date "2021.09.13"]
[Round "1.22"]
[Board "5"]
[White "Praggnanandhaa, R"]
[Black "Galperin, Platon"]
[Result "1-0"]
[WhiteTitle "GM"]
[BlackTitle "IM"]
[WhiteElo "2617"]
[BlackElo "2512"]
[WhiteTeam "India"]
[BlackTeam "Ukraine"]
[WhiteFideId "25059530"]
[BlackFideId "14165414"]
[EventDate "2021.09.13"]
[EventType "team"]

1. e4 c5 2. Nf3 e6 3. d4 cxd4 4. Nxd4 Nc6 5. Nc3 Qc7 6. g4 a6 7. Be3 h6 8. h4
Nf6 9. Nxc6 bxc6 10. Qf3 Rb8 11. O-O-O Bd6 12. g5 hxg5 13. hxg5 Rxh1 14. Qxh1
Ng4 15. Qh8+ Ke7 16. g6 Nxe3 17. Qxg7 Nxd1 18. gxf7 Bf4+ 19. Kxd1 Qd6+ 20. Nd5+ 1-0

[Event "Online Olym KO Stage 2021"]
[Site "chess.com INT"]
[Date "2021.09.13"]
[Round "1.22"]
[Board "6"]
[White "Berdnyk, Mariia"]
[Black "Vaishali, R"]
[Result "1-0"]
[WhiteTitle "FM"]
[BlackTitle "WGM"]
[WhiteElo "2308"]
[BlackElo "2414"]
[WhiteTeam "Ukraine"]
[BlackTeam "India"]
[WhiteFideId "14137054"]
[BlackFideId "5091756"]
[EventDate "2021.09.13"]
[EventType "team"]

1. d4 d5 2. c4 e6 3. Nf3 Nf6 4. g3 Bb4+ 5. Bd2 Be7 6. Qc2 c6 7. Bg2 Ne4 8. O-O
Nd7 9. Bf4 f5 10. Nc3 g5 11. Bc1 h5 12. Nxe4 dxe4 13. Ne5 Nxe5 14. dxe5 Qc7 15.
b3 c5 16. Rd1 Bd7 17. Bb2 O-O-O 18. a3 e3 19. fxe3 Bc6 20. e4 fxe4 21. Bxe4 h4
22. g4 h3 23. Rxd8+ Rxd8 24. Rf1 Bf8 25. Rf3 Bxe4 26. Qxe4 Qa5 27. Kf2 Qd2 28.
Rf7 Be7 29. Qe3 Qxb2 30. Rxe7 Rf8+ 31. Kg3 Qxa3 32. Rxe6 Qa5 33. Kxh3 Kb8 34.
Rf6 Rh8+ 35. Kg2 Qe1 36. e6 Qh4 37. h3 Qh7 38. e7 Re8 39. Rf8 Qg6 40. Rxe8+ Qxe8
41. Qxc5 b6 42. Qd6+ Kc8 43. Qd8+ Qxd8 44. exd8=Q+ Kxd8 45. h4 gxh4 46. Kh3 Ke7
47. Kxh4 Kf6 48. Kh5 1-0

[Event "Online Olym KO Stage 2021"]
[Site "chess.com INT"]
[Date "2021.09.13"]
[Round "1.21"]
[Board "1"]
[White "Ivanchuk, Vasyl"]
[Black "Vidit, Santosh Gujrathi"]
[Result "1/2-1/2"]
[WhiteTitle "GM"]
[BlackTitle "GM"]
[WhiteElo "2678"]
[BlackElo "2727"]
[WhiteTeam "Ukraine"]
[BlackTeam "India"]
[WhiteFideId "14100010"]
[BlackFideId "5029465"]
[EventDate "2021.09.13"]
[EventType "team"]

1. e4 e5 2. Nf3 Nc6 3. Bc4 Bc5 4. c3 Nf6 5. d3 d6 6. Bb3 O-O 7. O-O a5 8. h3 h6
9. Re1 Ba7 10. Nbd2 Be6 11. Nf1 Bxb3 12. axb3 Re8 13. Ng3 d5 14. Qe2 Qd7 15. Nh2
Rad8 16. Ng4 Nxg4 17. Qxg4 Qxg4 18. hxg4 1/2-1/2

[Event "Online Olym KO Stage 2021"]
[Site "chess.com INT"]
[Date "2021.09.13"]
[Round "1.21"]
[Board "2"]
[White "Adhiban, Baskaran"]
[Black "Shevchenko, Kirill"]
[Result "1-0"]
[WhiteTitle "GM"]
[BlackTitle "GM"]
[WhiteElo "2672"]
[BlackElo "2633"]
[WhiteTeam "India"]
[BlackTeam "Ukraine"]
[WhiteFideId "5018471"]
[BlackFideId "14129574"]
[EventDate "2021.09.13"]
[EventType "team"]

1. b3 Nf6 2. Bb2 g6 3. Nf3 Bg7 4. g3 c5 5. c4 O-O 6. Bg2 d5 7. cxd5 Qxd5 8. Nc3
Qf5 9. Na4 Nc6 10. O-O Qh5 11. Rc1 b6 12. d4 Rd8 13. Qe1 Bh3 14. Nxc5 Ng4 15. e3
e5 16. Bxh3 Qxh3 17. Nd3 e4 18. Nf4 Qh6 19. Rxc6 exf3 20. h3 Nf6 21. Qd1 g5 22.
Nd3 g4 23. hxg4 Qg6 24. Ne5 Qe4 25. Qxf3 Qxf3 26. Nxf3 Nxg4 27. Kg2 h5 28. Rh1
Rd5 29. e4 Ra5 30. a4 Re8 31. Bc3 Ra6 32. e5 f6 33. Rxh5 fxe5 34. dxe5 Rf8 35.
Rg5 Nh6 36. Rxh6 1-0

[Event "Online Olym KO Stage 2021"]
[Site "chess.com INT"]
[Date "2021.09.13"]
[Round "1.21"]
[Board "3"]
[White "Osmak, Iulija"]
[Black "Koneru, Humpy"]
[Result "1/2-1/2"]
[WhiteTitle "IM"]
[BlackTitle "GM"]
[WhiteElo "2428"]
[BlackElo "2586"]
[WhiteTeam "Ukraine"]
[BlackTeam "India"]
[WhiteFideId "14101602"]
[BlackFideId "5008123"]
[EventDate "2021.09.13"]
[EventType "team"]

1. Nf3 Nf6 2. g3 g6 3. Bg2 Bg7 4. c4 O-O 5. d4 d6 6. O-O Nbd7 7. Nc3 e5 8. e4
Re8 9. h3 b6 10. Bg5 h6 11. Be3 exd4 12. Nxd4 Bb7 13. Qc2 Nc5 14. f3 a5 15. Rae1
c6 16. f4 Qc7 17. Bf2 Re7 18. Re2 Rae8 19. Rfe1 Nfd7 20. b3 Kh7 21. a3 Ne6 22.
Qd2 Ndc5 23. Nxe6 Nxe6 24. b4 axb4 25. axb4 Qd8 26. b5 Nc5 27. bxc6 Bxc6 28. Nd5
Bxd5 29. cxd5 h5 30. Qc2 Rc7 31. Qb1 Rb7 32. e5 Ree7 33. Kh2 Na4 34. e6 Nc3 35.
Qd3 Nxe2 36. Rxe2 b5 37. Be4 Kg8 38. exf7+ Rxf7 39. Bxg6 Rfe7 40. Bxh5 Rxe2 41.
Bxe2 Qe7 42. Bd1 b4 43. Bc2 Bf6 44. Qg6+ Kf8 45. Kg2 b3 46. Bb1 b2 47. Qh6+ Qg7
48. Qh5 Re7 49. Qf5 Re2 50. Qc8+ Re8 51. Qc6 Qe7 52. h4 Kg7 53. h5 Qe2 54. Qxd6
Bd4 55. Qg6+ Kf8 56. Qh6+ Ke7 57. Qe6+ Qxe6 58. dxe6 Bxf2 59. Kxf2 Rc8 60. f5
Rc1 61. Be4 Rc4 62. Bd3 Rc3 63. Bb1 Rc1 64. Be4 Rc4 65. Bb1 Rc1 1/2-1/2

[Event "Online Olym KO Stage 2021"]
[Site "chess.com INT"]
[Date "2021.09.13"]
[Round "1.21"]
[Board "4"]
[White "Harika, Dronavalli"]
[Black "Buksa, Nataliya"]
[Result "1-0"]
[WhiteTitle "GM"]
[BlackTitle "IM"]
[WhiteElo "2511"]
[BlackElo "2417"]
[WhiteTeam "India"]
[BlackTeam "Ukraine"]
[WhiteFideId "5015197"]
[BlackFideId "14123622"]
[EventDate "2021.09.13"]
[EventType "team"]

1. b3 d5 2. Bb2 Nf6 3. Nf3 c5 4. e3 e6 5. Ne5 Qc7 6. f4 a6 7. Be2 b5 8. O-O Bb7
9. a4 b4 10. d3 Be7 11. Nd2 Nbd7 12. Ndf3 a5 13. Nxd7 Qxd7 14. Ne5 Qc7 15. Bf3
Rd8 16. Qe1 d4 17. Bxb7 Qxb7 18. e4 Nd7 19. Nc4 Qc7 20. Bc1 f6 21. Rf3 Ra8 22.
Bd2 Nb6 23. Nxb6 Qxb6 24. Qg3 Rg8 25. Kh1 Kd7 26. Qh3 h6 27. Raf1 Raf8 28. f5 e5
29. Rg3 Qb8 30. Qh5 Qe8 31. Rg6 Qf7 32. h3 Rd8 33. Rf3 Rh8 34. Rfg3 Bf8 35. Rxg7
Bxg7 36. Qxf7+ Kc6 37. Rxg7 1-0

[Event "Online Olym KO Stage 2021"]
[Site "chess.com INT"]
[Date "2021.09.13"]
[Round "1.21"]
[Board "5"]
[White "Galperin, Platon"]
[Black "Nihal, Sarin"]
[Result "0-1"]
[WhiteTitle "IM"]
[BlackTitle "GM"]
[WhiteElo "2512"]
[BlackElo "2652"]
[WhiteTeam "Ukraine"]
[BlackTeam "India"]
[WhiteFideId "14165414"]
[BlackFideId "25092340"]
[EventDate "2021.09.13"]
[EventType "team"]

1. d4 Nf6 2. c4 e6 3. Nf3 d5 4. Nc3 Ne4 5. g3 Bb4 6. Qc2 Nc6 7. Bg2 O-O 8. O-O
Bxc3 9. bxc3 Na5 10. cxd5 exd5 0-1

[Event "Online Olym KO Stage 2021"]
[Site "chess.com INT"]
[Date "2021.09.13"]
[Round "1.21"]
[Board "6"]
[White "Vaishali, R"]
[Black "Berdnyk, Mariia"]
[Result "1-0"]
[WhiteTitle "WGM"]
[BlackTitle "FM"]
[WhiteElo "2414"]
[BlackElo "2308"]
[WhiteTeam "India"]
[BlackTeam "Ukraine"]
[WhiteFideId "5091756"]
[BlackFideId "14137054"]
[EventDate "2021.09.13"]
[EventType "team"]

1. e4 c5 2. Nf3 d6 3. d4 cxd4 4. Nxd4 Nf6 5. Nc3 a6 6. Be2 e5 7. Nf3 Be6 8. Bg5
Be7 9. Bxf6 Bxf6 10. Nd5 Nd7 11. Bc4 Rc8 12. Bb3 O-O 13. O-O Nc5 14. Re1 Be7 15.
c3 Kh8 16. Bc2 Bxd5 17. Qxd5 b5 18. Nd2 Ne6 19. Nf1 Rc5 20. Qd3 Nf4 21. Qf3 b4
22. g3 Ne6 23. Bb3 bxc3 24. bxc3 Qc7 25. Rac1 Ng5 26. Qd3 a5 27. h4 Ne6 28. Ne3
Ra8 29. Nd5 Qb7 30. Rb1 Qa7 31. Re2 a4 32. Bc4 Bf8 33. Kg2 Rac8 34. Ba6 Rb8 35.
Reb2 Ra8 36. Bc4 Rac8 37. Rb7 Qa8 38. Ba6 Nd8 39. Rd7 Qc6 40. Bxc8 Qxc8 41. Ra7
Nc6 42. Rc7 Qe8 43. Rbb7 Nd8 44. Rxc5 Nxb7 45. Rc7 Nc5 46. Qf3 Kg8 47. Qg4 Qb8
48. Rc8 Qb1 49. Ne7+ 1-0

[Event "Online Olym KO Stage 2021"]
[Site "chess.com INT"]
[Date "2021.09.13"]
[Round "1.31"]
[Board "2"]
[White "Balog, Imre"]
[Black "Artemiev, Vladislav"]
[Result "0-1"]
[WhiteTitle "GM"]
[BlackTitle "GM"]
[WhiteElo "2578"]
[BlackElo "2699"]
[WhiteTeam "Hungary"]
[BlackTeam "Russia"]
[WhiteFideId "728446"]
[BlackFideId "24101605"]
[EventDate "2021.09.13"]
[EventType "team"]

1. d4 d5 2. Nf3 Nf6 3. c4 e6 4. g3 Be7 5. Bg2 O-O 6. O-O c6 7. Qc2 b6 8. Rd1 Bb7
9. Nc3 Nbd7 10. e4 dxc4 11. a4 a6 12. e5 Nd5 13. Ne4 b5 14. Neg5 g6 15. h4 c5
16. h5 Nb4 17. Qd2 Bxf3 18. Nxf3 Nd3 19. axb5 axb5 20. Rxa8 Qxa8 21. Ne1 Qb8 22.
Nxd3 cxd3 23. d5 exd5 24. hxg6 hxg6 25. Bxd5 Nxe5 26. f4 Rd8 27. Qg2 Qd6 28. Be4
Qd4+ 29. Kf1 d2 30. Rxd2 Qc4+ 31. Kf2 Qxc1 32. Rxd8+ Bxd8 33. fxe5 Qxb2+ 34. Kf3
Qc3+ 35. Kf2 Qxe5 36. Qf3 Kg7 37. Kg2 Bc7 38. Bc6 c4 39. Kh3 c3 40. Be4 b4 41.
Bc2 f5 42. Bb3 Kf6 43. Qd3 Bd6 44. Bc2 Ke7 45. Qf3 Kf6 46. Qd3 g5 47. Kh2 g4 48.
Kg2 Qe4+ 49. Qxe4 fxe4 50. Bxe4 b3 0-1

[Event "Online Olym KO Stage 2021"]
[Site "chess.com INT"]
[Date "2021.09.13"]
[Round "1.31"]
[Board "3"]
[White "Goryachkina, Aleksandra"]
[Black "Papp, Petra"]
[Result "1/2-1/2"]
[WhiteTitle "GM"]
[BlackTitle "WGM"]
[WhiteElo "2608"]
[BlackElo "2336"]
[WhiteTeam "Russia"]
[BlackTeam "Hungary"]
[WhiteFideId "4147103"]
[BlackFideId "739049"]
[EventDate "2021.09.13"]
[EventType "team"]

1. d4 Nf6 2. c4 c5 3. d5 b5 4. cxb5 a6 5. b6 Qxb6 6. Nc3 d6 7. Nf3 g6 8. e4 Bg7
9. Be2 O-O 10. Nd2 a5 11. O-O Ba6 12. Nc4 Qc7 13. h3 Nbd7 14. Bf4 Nb6 15. Ne3
Bxe2 16. Qxe2 a4 17. Rac1 Qb7 18. Rc2 Qa6 19. Re1 Qxe2 20. Rexe2 Nfd7 21. Nb5
Rfc8 22. Na3 Rab8 1/2-1/2

[Event "Online Olym KO Stage 2021"]
[Site "chess.com INT"]
[Date "2021.09.13"]
[Round "1.31"]
[Board "4"]
[White "Havanecz, Bianka"]
[Black "Gunina, Valentina"]
[Result "0-1"]
[WhiteTitle "WIM"]
[BlackTitle "GM"]
[WhiteElo "2224"]
[BlackElo "2446"]
[WhiteTeam "Hungary"]
[BlackTeam "Russia"]
[WhiteFideId "704814"]
[BlackFideId "4167570"]
[EventDate "2021.09.13"]
[EventType "team"]

1. d4 d5 2. c4 c6 3. Nf3 Nf6 4. Nc3 dxc4 5. a4 Bf5 6. e3 e6 7. Bxc4 Bb4 8. O-O
O-O 9. Qe2 Bg6 10. Bd3 Bxd3 11. Qxd3 Nbd7 12. e4 Bxc3 13. bxc3 Nc5 14. Qb1 Ncxe4
15. Qxb7 Qd5 16. Ne5 Nxc3 17. Nxc6 Kh8 18. Qa6 Rfc8 19. Ne5 Kg8 20. Be3 Nfe4 21.
Rfc1 f6 22. Nf3 Rc6 23. Qd3 Rac8 24. Re1 a5 25. h3 Rc4 26. Bd2 Nc5 27. Qe3 Nb3
28. Ra3 Rxa4 29. Rxa4 Nxa4 30. Qxe6+ Qxe6 31. Rxe6 Nb2 32. Ra6 a4 33. d5 Rd8 34.
Bc3 Nc5 35. Ra5 Nbd3 36. Nd2 Rxd5 37. Nc4 Rd8 38. Nb6 Ne4 39. Nxa4 Ndxf2 40. Kh2
Rd1 41. g4 Rd3 42. Be1 Nxh3 43. Nb6 Nhg5 44. Nd5 Nf3+ 45. Kg2 Nxe1+ 46. Kf1 Nf3
47. Ne7+ Kf7 48. Nf5 Ne5 49. Ra7+ Rd7 50. Ra4 Nc5 51. Rb4 Ne6 52. Kg2 g6 53. Ng3
Rd4 54. Rb7+ Kg8 55. Rb8+ Kg7 56. Re8 Nf4+ 57. Kf1 Nxg4 0-1

[Event "Online Olym KO Stage 2021"]
[Site "chess.com INT"]
[Date "2021.09.13"]
[Round "1.31"]
[Board "5"]
[White "Esipenko, Andrey"]
[Black "Kozak, Adam"]
[Result "1/2-1/2"]
[WhiteTitle "GM"]
[BlackTitle "GM"]
[WhiteElo "2720"]
[BlackElo "2517"]
[WhiteTeam "Russia"]
[BlackTeam "Hungary"]
[WhiteFideId "24175439"]
[BlackFideId "753246"]
[EventDate "2021.09.13"]
[EventType "team"]

1. e4 e5 2. Nf3 Nc6 3. Bb5 Nf6 4. d3 Bc5 5. Nbd2 O-O 6. Nb3 Bd6 7. Bxc6 dxc6 8.
Bg5 h6 9. Bh4 Re8 10. O-O Bg4 11. Nbd2 Re6 12. Nc4 Qe8 13. h3 Bh5 14. a4 Nd7 15.
Re1 Nf8 16. g4 Bg6 17. Bg3 f6 18. Nh4 Bf7 19. Nf5 Rd8 20. Qf3 Nd7 21. Rad1 Bf8
22. h4 b5 23. axb5 cxb5 24. Nce3 g6 25. Nd5 gxf5 26. Nxc7 fxe4 27. dxe4 Qe7 28.
Nxe6 Bxe6 29. Qe2 Qg7 30. Qxb5 Qxg4 31. Qf1 Rc8 32. Rd2 Kh8 33. Kh2 Bc5 34. f3
Qh5 35. Red1 Be3 36. Rxd7 Rxc2+ 37. Kh1 Bh3 38. Rd8+ Kg7 39. R1d7+ Bxd7 40.
Rxd7+ Kg6 41. Rd3 Rc1 42. Rd1 Rc2 43. Rd3 Rc1 44. Rd1 Rc2 45. Rd3 1/2-1/2

[Event "Online Olym KO Stage 2021"]
[Site "chess.com INT"]
[Date "2021.09.13"]
[Round "1.31"]
[Board "6"]
[White "Gaal, Zsoka"]
[Black "Shuvalova, Polina"]
[Result "1/2-1/2"]
[WhiteTitle "WFM"]
[BlackTitle "IM"]
[WhiteElo "2276"]
[BlackElo "2510"]
[WhiteTeam "Hungary"]
[BlackTeam "Russia"]
[WhiteFideId "777765"]
[BlackFideId "24171760"]
[EventDate "2021.09.13"]
[EventType "team"]

1. Nf3 Nf6 2. g3 d5 3. Bg2 e6 4. O-O Be7 5. d4 O-O 6. c4 dxc4 7. Qc2 a6 8. a4
Bd7 9. Qxc4 Bc6 10. Bf4 Bd6 11. Qc1 Nbd7 12. Nc3 Qe7 13. a5 Rfe8 14. Re1 Bxf3
15. Bxf3 c6 16. Rd1 Rad8 17. Bg2 h6 18. h3 h5 19. Bg5 Qf8 20. e4 Be7 21. Qf4 Nh7
22. Bxe7 Qxe7 23. d5 e5 24. Qf3 h4 25. gxh4 Nhf8 26. h5 Nc5 27. Ra3 Rd6 28. b4
Ncd7 29. Ne2 Ne6 30. Rad3 Ng5 31. Qe3 cxd5 32. exd5 e4 33. Rd4 Ne5 34. Bxe4
Nef3+ 35. Bxf3 Qxe3 36. fxe3 Nxf3+ 37. Kf2 Nxd4 38. Rxd4 Rc8 39. e4 f6 40. Ng3
Rc2+ 41. Kf3 Rd7 42. Nf5 Kf7 43. Kg4 Rg2+ 44. Kf3 Rc2 45. Kg4 Rg2+ 46. Kf3 Rc2 1/2-1/2

[Event "Online Olym KO Stage 2021"]
[Site "chess.com INT"]
[Date "2021.09.13"]
[Round "1.32"]
[Board "2"]
[White "Artemiev, Vladislav"]
[Black "Gledura, Benjamin"]
[Result "0-1"]
[WhiteTitle "GM"]
[BlackTitle "GM"]
[WhiteElo "2699"]
[BlackElo "2628"]
[WhiteTeam "Russia"]
[BlackTeam "Hungary"]
[WhiteFideId "24101605"]
[BlackFideId "712779"]
[EventDate "2021.09.13"]
[EventType "team"]

1. d4 d5 2. c4 c6 3. Nc3 Nf6 4. e3 e6 5. Nf3 Nbd7 6. Bd3 dxc4 7. Bxc4 b5 8. Be2
Bb7 9. O-O Be7 10. e4 b4 11. e5 bxc3 12. exf6 Bxf6 13. bxc3 c5 14. Rb1 Be4 15.
Bd3 Bxd3 16. Qxd3 O-O 17. Rd1 Qa5 18. Rb7 Qa4 19. Ng5 Bxg5 20. Bxg5 c4 21. Qf3
Nb6 22. Rd2 Nd5 23. Qg3 Kh8 24. h4 Qa5 25. Be7 Nxe7 26. Rxe7 Qa3 27. Qg5 h6 0-1